Situación de la infancia en América Latina y El Caribe
Salvato in:
| Autore principale: | |
|---|---|
| Natura: | Libro |
| Lingua: | spagnolo |
| Pubblicazione: |
Santiago
UNICEF
1979
Santiago Universitaria 1979 |
| Serie: | Año Internacional del Niño
|
| Soggetti: | |
| Tags: |
Aggiungi Tag
Nessun Tag, puoi essere il primo ad aggiungerne!!
|
MARC
| LEADER | 00000nam a2200000 a 4500 | ||
|---|---|---|---|
| 001 | UCZ6764 | ||
| 003 | CL-VaPUC | ||
| 008 | 951215e19790000CL |||||||||||||||||spa|d | ||
| 082 | 0 | 4 | |a 362.7 |b TER |2 21 |
| 100 | 0 | |a Terra, Juan Pablo |e author |9 351267 | |
| 245 | 1 | 0 | |a Situación de la infancia en América Latina y El Caribe |
| 300 | |a 630 p | ||
| 942 | |c BK | ||
| 945 | |d 19951215 00:00:00 |a cmena | ||
| 260 | |a Santiago |b UNICEF |c 1979 | ||
| 260 | |a Santiago |b Universitaria |c 1979 | ||
| 650 | 7 | |a BIENESTAR INFANTIL |2 CL-VaPUC |9 308613 | |
| 650 | 0 | |a Niños |9 255605 | |
| 650 | 0 | |a Desarrollo económico y social |9 256320 | |
| 650 | 0 | |a Participación social |9 256140 | |
| 650 | 0 | |a Educación básica |9 224933 | |
| 650 | 0 | |a Nutrición |9 259434 | |
| 651 | 0 | |a América Latina |9 255027 | |
| 651 | 7 | |a CARIBE |2 CL-VaPUC |9 308659 | |
| 583 | |a last modification |c 20130411 11:13:04 |k Rodrigo Vera | ||
| 490 | 0 | |a Año Internacional del Niño | |
| 999 | |c 242935 |d 242933 | ||
| 952 | |0 0 |1 0 |4 0 |6 362_700000000000000_TER_1979_1979 |7 0 |8 P |9 256264 |a BIBEDU |b BIBEDU |c BIBEDU_PB |d 2019-11-19 |i 3004201 |o 362.7 TER 1979 1979 |p 3004201 |r 2024-01-25 |w 2019-11-19 |y BK |k EDU | ||
| 952 | |0 0 |1 0 |4 0 |6 362_700000000000000_TER_1979_1979 |7 0 |8 A |9 256265 |a BIBGIM |b BIBGIM |d 2019-11-19 |i 3371859 |o 362.7 TER 1979 1979 |p 3371859 |r 2025-01-15 |w 2019-11-19 |y BK |k GIM | ||
| 952 | |0 0 |1 0 |4 0 |6 362_700000000000000_TER_1979_1979 |7 0 |8 A |9 256266 |a BIBGIM |b BIBGIM |d 2019-11-19 |i 1401130 |o 362.7 TER 1979 1979 |p 1401130 |r 2025-01-15 |w 2019-11-19 |y BK |k SSL | ||
| 952 | |0 0 |1 0 |2 ddc |4 0 |6 362_700000000000000_TER_1979_1979 |7 0 |8 A |9 256267 |a BIBDER |b BIBDER |c GEN |d 2019-11-19 |i 3815579 |o 362.7 TER 1979 1979 |p 3815579 |r 2019-11-19 |w 2019-11-19 |y BK |k DER | ||